Jeux Nintendo Switch 2 - Statistiques

Statistiques générales
  • Ce quiz a été pris 103 fois
  • Le résultat moyen est 5 sur 10
Answers on the Grid
Answers color-coded by a green-red scale on the quiz's grid according to % correct below.
Mario Tennis Fever
Mario Tennis Ultra-Smash
The Legend of Zelda :
Breath of the Wild
Mario Kart World
Animal Crossing New Leaf
Super Mario Galaxy
Mario Kart Double Dash
Pokémon X
Pokémon Legend Arceus
The Legend of Zelda :
Twilight of Princess
F-Zero GX
Kirby et le monde oublié
Kirby Super Star
Luigi's Mansion 3
Yoshi Wooly World
Super Mario Party Jamboree
Mario Party the top 100
New Super Mario Bros. 2
New Super Mario Bros. U Deluxe
Donkey Kong Bananza
Metroid Prime 3 : Corruption
Splatoon
 
Statistiques - réponses
Réponse % Correct
Mario Kart World
74%
Donkey Kong Bananza
71%
Mario Tennis Fever
55%
The Legend of Zelda :
Breath of the Wild
55%
Super Mario Party Jamboree
53%
Kirby et le monde oublié
52%
Super Mario Galaxy
40%
Luigi's Mansion 3
31%
Pokémon Legend Arceus
28%
New Super Mario Bros. U Deluxe
24%
Aucun quiz correspondant
Distribution des résultats
% des personnes avec chaque résultat
Percentile par nombre de réponses
Votre historique - résultats
Vous n’avez pas pris ce quiz